Score 0/14 Timer 03:00
0 Plays Today
% Correct
**GOLD**
97.3%
HOLD
95.4%
TIME
92.9%
HOLE
92.7%
**LIME**
92.2%
HOME
88.6%
MICE
88.5%
% Correct
MILE
86.1%
TELL
84.9%
LICE
84.8%
TILE
82.5%
TOME
82.5%
TILL
80.2%
**TEAL**
77.9%
Remove Ads.
Support Sporcle.
Get the best of Sporcle when you Go Orange. This ad-free experience offers more features, more stats, and more fun while also helping to support Sporcle. Thank you for becoming a member.

You're not logged in!

Compare scores with friends on all Sporcle quizzes.
OR
Log In

Sporcle TV

Today on Sporcle TV


Watch our educational content, quiz creation guides, and fun videos on Sporcle TV.

Show Comments

Extras

Top Quizzes Today


Score Distribution

Paid Content

Your Account Isn't Verified!

In order to create a playlist on Sporcle, you need to verify the email address you used during registration. Go to your Sporcle Settings to finish the process.

Report this User

Report this user for behavior that violates our Community Guidelines.

Details: